Monument and country #1 - Statistics

General Stats
  • This quiz has been taken 59 times
  • The average score is 18 of 20
Answer Stats
Monuments Countries % Correct
Sydney Opera House Australia
98%
Pyramids of Giza Egypt
98%
Eiffel Tower France
98%
Statue of Liberty United States
98%
Christ the Redeemer brazil
96%
Taj Mahal India
96%
Coliseum Italy
96%
Machu Picchu Peru
96%
Big Ben United Kingdom
96%
Great Wall China
94%
Buckingham Palace United Kingdom
92%
Mount Rushmore United States
92%
Neuschwanstein Castle Germany
90%
Burj Khalifa United Arab Emirates
90%
Mont-Saint-Michel France
88%
Kremlin Russia
86%
Stonehenge United Kingdom
86%
Parthenon Greece
82%
Angkor Wat Cambodia
78%
Petra Jordan
78%
No matching quizzes found
Score Distribution
Percent of People with Each Score
Percentile by Number Answered
Your Score History
You have not taken this quiz